00000000nam 2200000zi 4500
0019.947232
003CaOODSP
00520250122082428
006m     o  d f      
007cr |n|||||||||
008250122t19751975onc     o    f000 0 eng d
040 |aCaOODSP|beng|erda|cCaOODSP
043 |an-cn---
0861 |aF2-37/1975E-PDF|zF2-37/1975
1001 |aTurner, John N.,|d1929- |eauthor.
24510|aTowards an electronic payments system / |cpresented by John N. Turner and Gérard Pelletier.
264 1|a[Ottawa] : |bGovernment of Canada = Gouvernement du Canada, |c[1975]
264 4|c©1975
300 |a1 online resource (25 pages)
336 |atext|btxt|2rdacontent
337 |acomputer|bc|2rdamedia
338 |aonline resource|bcr|2rdacarrier
500 |aDigitized edition from print [produced by Innovation, Science and Economic Development Canada].
500 |aIssued also in French under title: Vers un système de paiements électronique.
650 0|aElectronic funds transfers|zCanada.
650 0|aDigital currency|zCanada.
650 0|aBanks and banking|zCanada|xAutomation.
650 0|aPayment|zCanada.
650 0|aCredit cards|zCanada.
7101 |aCanada. |bDepartment of Communications, |eissuing body.
7101 |aCanada. |bDepartment of Finance, |eissuing body.
77508|tVers un système de paiements électronique / |w(CaOODSP)9.947234
85640|qPDF|s2.39 MB|uhttps://publications.gc.ca/collections/collection_2025/isde-ised/F2-37-1975-eng.pdf